| 000 | 01049cam a2200217 4500 | ||
|---|---|---|---|
| 001 | X121244 | ||
| 008 | 030205n2003 000 0 eng u | ||
| 035 | _a(Sirsi) u121244 | ||
| 245 | _aRegister of buildings and asbestos | ||
| 260 | _c2003 | ||
| 490 |
_aRICS European Alert _vJanuary 2003, 2(1) |
||
| 520 | _aThe European Parliament and the Council of Ministers have agreed a compromise in the draft Directive to protect workers exposed to the risk of asbestos. This will result in the idea for a compulsory register of buildings containing asbestos being dropped. The compromise will mean that the proposal can be adopted soon and implemented quickly. Member states will have to transpose the terms of the Directive into national legislation within three years. | ||
| 590 | _aWB | ||
| 650 | _aEUROPEAN PARLIAMENT | ||
| 650 | _aCOUNCIL OF MINISTERS | ||
| 650 | _aMANAGEMENT-HEALTH AND SAFETY-HAZARDOUS SUBSTANCES-ASBESTOS | ||
| 650 | _aASBESTOS REGISTER | ||
| 650 | _aDRAFT DIRECTIVE | ||
| 690 |
_aHEALTH AND SAFETY _96244 |
||
| 942 | _n0 | ||
| 999 |
_c72056 _d72056 |
||